Normal view
MARC view
- Dampier, William Cecil Dampier,
Entry Personal Name
001 - CONTROL NUMBER
- control field: 4908
003 - CONTROL NUMBER IDENTIFIER
- control field: OSt
005 - DATE AND TIME OF LATEST TRANSACTION
- control field: 20170516111055.0
008 - FIXED-LENGTH DATA ELEMENTS
- fixed length control field: 170516|| aca||aabn | a|a d
040 ## - CATALOGING SOURCE
- Original cataloging agency: OSt
- Transcribing agency: OSt
100 ## - HEADING--PERSONAL NAME
- Personal name: Dampier, William Cecil Dampier,
- Titles and other words associated with a name: Sir,
- Dates associated with a name: 1867-1952
670 ## - SOURCE DATA FOUND
- Source citation: Work cat.: (OSt)0: Dampier, William Cecil Dampier, Sir, 1867-1952, Falsafah dan agama :, 1993

PORTAL AKMAL
E-MEL JKDM
AKMAL2U
G-BAM
u-PUSTAKA